1284 1620 1957 1521 1957 1232 1908 1482 1375 1625 1381 1046 1919 1581 1797 1476 1066 1411 1479 1432 1667 1116 1092 1141 1732 1021 1610 1401 1619 1286 1229 1497 1858 1317 1841 1772 1415 1081 1486 1974 1989 1331 1062 1126 1715 1096 1174 1238 1502 1369 1306 1851 1029 1227 1155 1734 1196 1742 1799 1940 1280 1456 1630 1488 1251 1474 1999 1278 1257 1544 1707 1556 1343 1163 1165 1655 1138 1902 1806 1900 1246 1614 1699 1273 1397 1368 1095 1008 1222 1581 1274 1834 1347 1181 1124 1210 1455 1616 1717 BCNSPRNW ULIB Ver.6.0+V

เปลี่ยนเป็นภาษาไทย

Change to English
 แสดงรายละเอียดบรรณานุกรม
  กลับหน้าหลัก

Brief Record : Get Marc (ISO 2709) : E-mail record : QR code < ปิดหน้าต่าง
LEADER : 00000nam 2200000uu 4500
001    13399122916
003     ULIB
008    131029s2013||||th 000 0 eng d
020    ^a1449697496 (paperback) ^c^86.95
020    ^a9781449697495 (paperback)
060  4 WY100^bB879e
100 1  ^aBrown, Sarah Jo.
245 10 ^aEvidence-based nursing : ^bthe research-practice connection / ^cSarah Jo Brown.
250    ^a3rd ed.
260    ^a[S.l.] : ^bJones & Bartlett Learning, ^c2013.
300    ^a480 p. ; ^c23 cm.
520    ^aEvidence-Based Nursing: The Research-Practice Connection, Third Edition introduces students to research methods and evidence-based practice (EBP). Written in an accessible style, the content moves readers through understanding how research is produced to appraisal at the critical thinking level. Timely information links evidence-based practice to recent work in the Safety and Quality programs that are underway in healthcare and nursing. Key Features: • Offers five common research designs, systematic reviews, and clinical practice guidelines by using a consistent, easy-to-read "Why-How-What" approach. • Exemplar research reports include “Profile and Commentary” that explain results of studies and help students better understand the methodological components of a study Accompanied by Instructor Resources: • Save time with a Test Bank and sample syllabus • Encourage critical thinking using additional learning activities, including discussion questions and small group assignments • Plan classroom lectures using PowerPoint Presentations created by the author Navigate eFolio Now Available! Navigate eFolio: Evidence-Based Nursing , a fully supported and hosted online learning solution featuring an ebook and course management tools is also available for purchase. Navigate eFolio transforms how students learn and instructors teach by bringing together authoritative and interactive content aligned to course objectives, with student practice activities and assessments, an ebook, and reporting tools. For more information visit go.jblearning.com/nursingef.
945    ^p0^l0^i034134
999    ^aเกษร โพธิ์สุวรรณ
รายการนี้ยังไม่มีแท็ก
คุณยังไม่ได้ล็อกอิน คุณสามารถมีกิจกรรมร่วมกับเว็บไซต์ได้ แต่ต้องล็อกอินก่อน ::
  ล็อกอิน

รายการสื่อสารสนเทศ

ลำดับที่ ประเภท เลขเรียก/บาร์โค้ด สถานที่ สถานะ
1. Book การพยาบาล
Book การพยาบาล
WY100 B879e  
  Barcode: 034134
ห้องสมุดวิทยาเขตสวรรค์ประชารักษ์
►หนังสือทั่วไป
บนชั้น

BibComment


ยังไม่เคยถูกคอมเมนท์

คอมเมนท์ทรัพยากรรายการนี้
  คอมเมนท์: Evidencebased nu..


 Copyright 2026. Bcnsprnw @Library